| 000 | 00562nam a2200217Ia 4500 | ||
|---|---|---|---|
| 003 | 0100 | ||
| 008 | 130227s9999 xx 000 0 und d | ||
| 040 | _cARRUPELIB | ||
| 050 | _aBS1525.2.A4 | ||
| 100 | _aAlthann, Robert | ||
| 245 | 2 | _aA Philological analysis of Jeremiah 4-6 in the light of Northwest semitic | |
| 260 | _aRome | ||
| 260 | _bBiblical Institute Press | ||
| 260 | _C1983 | ||
| 300 | _a380p. | ||
| 300 | _b 23 cm | ||
| 440 | _aBiblica et orientalia | ||
| 650 | _bExistentialism | ||
| 650 | _cDialectical materialism | ||
| 942 |
_2lcc _01 |
||
| 999 |
_c4045 _d4045 |
||